Adjective Attack! Quiz Stats

Quiz Updated Jun 9, 2012

Also try: Homonyms
Challenge
Share
Tweet
Embed
Score 0/40 Timer 05:00
5 Plays Today
% Correct
Heart
92.9%
Night
92.1%
Moon
91.6%
Sound
91%
City
90.5%
Brain
90.4%
Sun
90.1%
Water
89.8%
Kitchen
85.9%
Stars
83.3%
Earth
81.9%
Money
81.5%
Milk
80.6%
Sea
80.2%
Love
79.9%
Gums
78.8%
Smell
77.4%
Lungs
74.7%
Color
74.3%
Iron
69%
% Correct
Fishing
63.9%
Leaves
58.7%
Air
52.9%
Heaven
52.6%
Fat
51.2%
Day
50.8%
Tears
48.2%
Daughter
48%
Island
40.7%
Coins
39.7%
Priests
38.7%
Tin
35.7%
Rain
33.3%
Flood
29.4%
River
29.4%
Tailor
28.9%
Wife
27.8%
Dancing
25.4%
Rope
22.7%
Silk
21.6%

You're not logged in!

Compare scores with friends on all Sporcle quizzes.
Sign Up with Email
OR
Log In

You Might Also Like...

Show Comments

Extras

Top Quizzes Today


Score Distribution

Your Account Isn't Verified!

In order to create a playlist on Sporcle, you need to verify the email address you used during registration. Go to your Sporcle Settings to finish the process.

Report this User

Report this user for behavior that violates our Community Guidelines.

Details: